Architecture in Puerto Rico,
Saved in:
| Main Author: | |
|---|---|
| Format: | Book |
| Language: | English |
| Published: |
New York,
Architectural Book Pub. Co.
[1965]
|
| Subjects: | |
| Tags: |
Add Tag
No Tags, Be the first to tag this record!
|
| LEADER | 00646cam a2200217I 4500 | ||
|---|---|---|---|
| 001 | 003011663-5 | ||
| 005 | 20020606093309.7 | ||
| 008 | 750410s1965 nyuae 000 0 eng | ||
| 010 | |a 64008117 | ||
| 035 | 0 | |a ocm01266456 | |
| 040 | |a DLC |c ORL |d OCL |d FLL | ||
| 050 | |a NA812 |b .F4 | ||
| 082 | |a 720.97295 | ||
| 100 | 1 | |a Fernandez, Jose Antonio, |d 1898- | |
| 245 | 1 | 0 | |a Architecture in Puerto Rico, |c by José A. Fernández. |
| 260 | |a New York, |b Architectural Book Pub. Co. |c [1965] | ||
| 300 | |a 267 p. |b illus., plans. |c 28 cm. | ||
| 650 | 0 | |a Architecture |z Puerto Rico. | |
| 650 | 0 | |a Architecture, Domestic |z Puerto Rico. | |
| 988 | |a 20020608 | ||
| 906 | |0 DLC | ||


